[Event "Malaysian Open"]
[Site "Kuala Lumpur MAS"]
[Date "2011.08.20"]
[Round "5.36"]
[White "Bennett, Hilton"]
[Black "Ravry, Kazoune"]
[Result "0-1"]
[WhiteElo "1994"]
[BlackElo "1784"]
[WhiteFideId "4300734"]
[BlackFideId "667293"]
[EventDate "2011.08.18"]

1. e4 e6 2. d3 d5 3. Qe2 Be7 4. e5 c5 5. Nf3 Nc6 6. c3 f6 7. g3 fxe5 8. Nxe5
Nxe5 9. Qxe5 Nf6 10. Bg2 O-O 11. O-O Bd6 12. Qe2 Qc7 13. Na3 Bd7 14. Nc2 Rae8
15. Bg5 Bc6 16. Bxf6 Rxf6 17. Ne3 Qd7 18. Ng4 Rf5 19. Rae1 d4 20. Bxc6 Qxc6 21.
cxd4 cxd4 22. f4 h5 23. Ne5 Bxe5 24. fxe5 Ref8 25. Rxf5 Rxf5 26. Qe4 Qb6 27. Qe2
Qc5 28. Qe4 Qb4 29. b3 Qd2 30. Qe2 Qxe2 31. Rxe2 Rf3 32. Rc2 Rxd3 33. Rc8+ Kh7
34. Re8 Rd1+ 35. Kf2 Rd2+ 36. Kf3 Rxa2 37. Rxe6 d3 38. Rd6 Re2 39. Rxd3 Rxe5 40.
Kf4 Rb5 41. h3 g6 42. g4 Kh6 43. gxh5 Kxh5 44. Ke4 g5 45. Kd4 Kh4 46. Kc4 Rf5
47. b4 Rf1 48. Ra3 Rf4+ 49. Kc5 Rf5+ 50. Kc4 a6 51. Kd4 Rf4+ 52. Kc5 b6+ 53.
Kxb6 Rxb4+ 54. Kxa6 Rb2 55. Rd3 Rh2 56. Kb6 Rxh3 57. Rd4+ g4 58. Kc5 Re3 59. Rd8
Kg3 60. Kd4 Kf2 61. Rf8+ Rf3 62. Rg8 g3 63. Ke4 g2 0-1

[Event "Malaysian Open"]
[Site "Kuala Lumpur MAS"]
[Date "2011.08.20"]
[Round "5.40"]
[White "Wolfaardt, Francois"]
[Black "Gibbons, Robert"]
[Result "0-1"]
[WhiteElo "1780"]
[BlackElo "2034"]
[WhiteFideId "14302578"]
[BlackFideId "4300700"]
[EventDate "2011.08.18"]

1. e4 d6 2. Nf3 g6 3. Bc4 Bg7 4. d4 a6 5. a4 b6 6. Nc3 Nf6 7. O-O O-O 8. Bg5 Bg4
9. h3 Bxf3 10. Qxf3 Nbd7 11. Ne2 e5 12. c3 Qe8 13. Ng3 h6 14. Bd2 c6 15. Qe2 b5
16. Bb3 Qe7 17. f4 Rae8 18. f5 Kh7 19. axb5 axb5 20. Ra7 Qd8 21. Rfa1 exd4 22.
cxd4 Nxe4 23. fxg6+ fxg6 24. Nxe4 Bxd4+ 25. Kh2 d5 26. Qg4 Bxa7 27. Rxa7 Qb8+
28. Bf4 Qxa7 29. Nd6 Re1 30. Qh4 Rxf4 31. Qxe1 Qd4 32. Qe7+ Qg7 33. Qe3 Qe5 34.
Qxe5 Nxe5 35. Kg3 Rb4 36. Bd1 Rxb2 37. Kf4 Nc4 38. Nc8 Rxg2 39. Na7 Rf2+ 40. Kg3
Rf6 41. Bg4 Ne5 42. Be2 b4 43. Bd1 b3 44. Nc8 Rf1 45. Be2 Re1 46. Kf2 Rxe2+ 47.
Kxe2 b2 0-1

[Event "Malaysian Open"]
[Site "Kuala Lumpur MAS"]
[Date "2011.08.20"]
[Round "5.43"]
[White "Kumar, Sri Shiva"]
[Black "Qiu, Mengjie"]
[Result "0-1"]
[WhiteElo "1705"]
[BlackElo "1941"]
[WhiteFideId "5703808"]
[BlackFideId "8606137"]
[EventDate "2011.08.18"]

1. d4 Nf6 2. c4 g6 3. Nf3 Bg7 4. Nc3 d5 5. e3 O-O 6. h3 c5 7. Be2 Nc6 8. dxc5
Qa5 9. O-O dxc4 10. Bxc4 Qxc5 11. Qb3 Na5 12. Qb5 Qxc4 13. Qxa5 Ne4 14. Ne5 Qe6
15. Nxe4 Qxe5 16. Qxe5 Bxe5 17. Rd1 Bf5 18. Nc3 Rfd8 19. Bd2 Bc2 20. Kf1 Bxd1
21. Rxd1 Bxc3 22. bxc3 Rd3 23. Ke2 Rad8 24. e4 f6 25. f3 Kf7 26. g4 Ke6 27. h4
h5 28. gxh5 gxh5 29. f4 Rh3 30. f5+ Kf7 31. Bf4 Rxd1 32. Kxd1 Rxh4 33. Be3 Rxe4
34. Bxa7 Ra4 35. Bd4 Rxa2 0-1

[Event "Malaysian Open"]
[Site "Kuala Lumpur MAS"]
[Date "2011.08.20"]
[Round "5.45"]
[White "Guo, Emma"]
[Black "Marret, Benjamin"]
[Result "1/2-1/2"]
[WhiteTitle "WIM"]
[WhiteElo "2029"]
[BlackElo "1821"]
[WhiteFideId "3200795"]
[BlackFideId "20605773"]
[EventDate "2011.08.18"]

1. e4 e6 2. d4 d5 3. e5 c5 4. c3 Nc6 5. Nf3 Bd7 6. Bd3 f6 7. O-O Qc7 8. Re1 fxe5
9. Nxe5 Nxe5 10. dxe5 O-O-O 11. Bd2 Nh6 12. b4 Nf7 13. Qe2 Be7 14. c4 dxc4 15.
Bxc4 Kb8 16. bxc5 Bxc5 17. Nc3 Bd4 18. Rab1 Rhg8 19. Nb5 Bxb5 20. Bxb5 Nxe5 21.
Be3 1/2-1/2

[Event "Malaysian Open"]
[Site "Kuala Lumpur MAS"]
[Date "2011.08.20"]
[Round "5.47"]
[White "Lee, T H Bryan"]
[Black "Camilia, Bt. Johari"]
[Result "1-0"]
[WhiteElo "1988"]
[BlackElo "1753"]
[WhiteFideId "6000584"]
[BlackFideId "5704677"]
[EventDate "2011.08.18"]

1. e4 c6 2. d4 d5 3. Nc3 dxe4 4. Nxe4 Nd7 5. Nf3 Ngf6 6. Nxf6+ Nxf6 7. Bc4 Bf5
8. O-O e6 9. Re1 Be7 10. c3 O-O 11. h3 c5 12. Qb3 Qc7 13. Bg5 Rac8 14. Rac1 a6
15. a4 h6 16. Bh4 Ne4 17. Bxe7 Qxe7 18. Bd3 Nd2 19. Nxd2 Bxd3 20. c4 Bf5 21. Nf3
Qd7 22. Red1 Qe7 23. Qe3 Qc7 24. g4 Bh7 25. g5 hxg5 26. Nxg5 Bf5 27. d5 exd5 28.
Rxd5 Rfe8 29. Qf3 Bg6 30. Qg4 Rcd8 31. f4 Be4 32. Nxe4 Rxe4 33. Rcd1 Rxd5 34.
Rxd5 Rxf4 35. Qg5 Rxc4 36. Rd8+ Qxd8 37. Qxd8+ Kh7 38. Qd3+ 1-0

[Event "Malaysian Open"]
[Site "Kuala Lumpur MAS"]
[Date "2011.08.20"]
[Round "5.49"]
[White "Kia, Fatemeh"]
[Black "Tan, Fischer"]
[Result "1-0"]
[WhiteElo "1772"]
[BlackElo "1560"]
[WhiteFideId "12507580"]
[BlackFideId "5803187"]
[EventDate "2011.08.18"]

1. d4 c6 2. Nf3 Na6 3. Bf4 Nc7 4. e4 Ne6 5. Bg3 Nf6 6. Nc3 d5 7. exd5 cxd5 8.
Bd3 a6 9. O-O g6 10. Ne2 Bh6 11. Be5 O-O 12. Ng3 Ne8 13. Ne2 f6 14. Bg3 N8g7 15.
c3 Kh8 16. Qc2 Qe8 17. Nh4 f5 18. Be5 Ng5 19. Nf4 e6 20. Rfe1 Ne4 21. f3 Bxf4
22. Bxf4 Nf6 23. g3 Nfh5 24. Be5 Qd8 25. Qd2 f4 26. Ng2 fxg3 27. hxg3 Rxf3 28.
Rf1 Rxg3 29. Bxg3 Nxg3 30. Rf3 N3f5 31. Bxf5 Nxf5 32. Qf4 Bd7 33. Kf2 Rc8 34.
Rh1 g5 35. Qe5+ Kg8 36. Rfh3 Qf8 37. Ke2 Bb5+ 38. Ke1 h6 39. Rf3 Bd7 40. Ne3 Qg7
41. Nxf5 Qxe5+ 42. dxe5 exf5 43. Rxh6 g4 44. Rf2 Rc4 45. e6 Be8 46. Rxf5 Kg7 47.
Rh4 Kg6 48. Rxd5 Re4+ 49. Kd2 Kf6 50. Rd4 Rxd4+ 51. cxd4 Kxe6 52. Rxg4 Kd5 53.
Kc3 Bc6 54. Rg5+ Ke4 55. a3 Kf4 56. Rc5 Ke4 57. b4 Bb5 58. Re5+ Kf4 59. Re7 Bc6
60. Kc4 Be4 61. Rxe4+ Kxe4 62. Kc5 Kd3 63. d5 1-0

[Event "Malaysian Open"]
[Site "Kuala Lumpur MAS"]
[Date "2011.08.22"]
[Round "6.3"]
[White "Lu, Shanglei"]
[Black "Nguyen, Duc Hoa"]
[Result "1-0"]
[WhiteTitle "IM"]
[BlackTitle "IM"]
[WhiteElo "2526"]
[BlackElo "2452"]
[WhiteFideId "8603332"]
[BlackFideId "12401358"]
[EventDate "2011.08.18"]

1. e4 c5 2. Nf3 Nc6 3. Bb5 e6 4. Bxc6 bxc6 5. d3 Ne7 6. Ng5 f6 7. Nh3 g6 8. Be3
d6 9. Qd2 e5 10. Ng1 Be6 11. Nc3 Nc8 12. Bh6 d5 13. Bxf8 Rxf8 14. f4 Rb8 15. b3
Qd6 16. fxe5 fxe5 17. h3 Rb7 18. Nf3 Rbf7 19. O-O-O d4 20. Na4 c4 21. Qa5 cxb3
22. axb3 Bxb3 23. cxb3 Qa3+ 24. Kb1 Rb7 25. Nd2 Rb5 26. Qc7 Ne7 27. Nb2 Rf2 28.
Ndc4 Qxb3 29. Rd2 Rxd2 30. Nd6+ Kf8 31. Rf1+ Nf5 32. Qd8+ Kg7 33. Nxf5+ gxf5 34.
Qg5+ Kh8 35. Qxd2 Qa3 36. Rxf5 Ra5 37. Rf8+ Kg7 38. Rb8 Qa2+ 39. Kc1 Rc5+ 40.
Nc4 Qa1+ 41. Rb1 Qa3+ 42. Kd1 Qa4+ 43. Ke2 Kg6 44. Kf1 1-0

[Event "Malaysian Open"]
[Site "Kuala Lumpur MAS"]
[Date "2011.08.22"]
[Round "6.4"]
[White "Barbosa, Oliver"]
[Black "Wang, Rui"]
[Result "0-1"]
[WhiteTitle "IM"]
[BlackTitle "GM"]
[WhiteElo "2514"]
[BlackElo "2436"]
[WhiteFideId "5201640"]
[BlackFideId "8601003"]
[EventDate "2011.08.18"]

1. d4 Nf6 2. c4 e6 3. Nf3 d5 4. g3 Bb4+ 5. Bd2 Bxd2+ 6. Nbxd2 O-O 7. Qc2 c6 8.
Bg2 Nbd7 9. O-O b6 10. e4 Ba6 11. Rfe1 Rc8 12. Rad1 Rc7 13. Qb3 Nxe4 14. Rxe4
dxe4 15. Nxe4 Qe7 16. Qa4 Bb7 17. c5 Rd8 18. b4 a5 19. bxa5 bxc5 20. a6 Ra8 21.
Nxc5 Bxa6 22. Nxa6 Nb8 23. Rb1 Rb7 24. Rxb7 Qxb7 25. Qb4 Qxa6 26. Qe7 Qc8 27.
Ng5 Qf8 28. Qb7 Ra5 29. Ne4 Rxa2 30. h4 Ra4 31. Qb6 h6 32. Nc5 Rxd4 33. Bf3 Nd7
34. Nxd7 Rxd7 35. Qxc6 Qd6 36. Qc8+ Rd8 37. Qb7 Rb8 38. Qe4 Rb2 39. h5 Qb6 40.
Be2 Rb1+ 41. Bf1 Qb5 42. Qa8+ Kh7 43. Qe4+ f5 0-1

[Event "Malaysian Open"]
[Site "Kuala Lumpur MAS"]
[Date "2011.08.22"]
[Round "6.6"]
[White "Yu, Ruiyuan"]
[Black "Wen, Yang"]
[Result "0-1"]
[BlackTitle "GM"]
[WhiteElo "2431"]
[BlackElo "2558"]
[WhiteFideId "8603090"]
[BlackFideId "8602956"]
[EventDate "2011.08.18"]

1. e4 c5 2. Nf3 d6 3. d4 cxd4 4. Nxd4 Nf6 5. Nc3 a6 6. Be2 e5 7. Nb3 Be7 8. Bg5
Be6 9. Bxf6 Bxf6 10. Qd3 O-O 11. Rd1 Be7 12. Nd5 Bxd5 13. Qxd5 Ra7 14. O-O Qc7
15. c3 Nd7 16. Rfe1 Nf6 17. Qd3 b5 18. Nd2 Qb6 19. Nf1 b4 20. c4 Nd7 21. Ne3 Nc5
22. Qc2 a5 23. Bg4 Qb8 24. Nf5 g6 25. Nxe7+ Rxe7 26. Qd2 Nb7 27. Re3 Qc7 28. b3
f5 29. Bf3 f4 30. Rd3 Rf6 31. Rd5 Kg7 32. h3 h5 33. a3 bxa3 34. Ra1 Nc5 35. Rxa3
Qb6 36. Qxa5 Qxa5 37. Rxa5 Nxb3 38. Ra6 Nd4 39. Rdxd6 Rxd6 40. Rxd6 Rc7 41. Rd5
Rxc4 42. Rxe5 Rc1+ 43. Kh2 Rf1 44. Ra5 Nxf3+ 45. gxf3 Rxf2+ 46. Kg1 Rxf3 47. Kg2
Rg3+ 48. Kh2 h4 49. e5 Kh6 50. Ra4 Kg5 51. Re4 f3 52. Ra4 Kf5 53. Rxh4 f2 54.
Kxg3 f1=Q 55. Rg4 g5 56. Kh2 Qf2+ 57. Kh1 Qe3 58. Kh2 Qxe5+ 59. Kh1 Qe3 60. Kh2
Qf3 61. Rg2 Qf4+ 62. Kh1 Qf1+ 63. Kh2 Kf4 64. Rg4+ Kf5 65. Rg2 Qf4+ 66. Kh1 Ke4
67. Kg1 Ke3 68. Rg4 Qf2+ 69. Kh1 Kf3 70. Rg1 Qh4 71. Kh2 Qf2+ 72. Kh1 Qd2 73.
Rg4 Qd5 74. Rg2 Qc6 75. Kh2 Qc7+ 76. Kh1 Qf4 77. Rg4 Qd2 78. Rg1 Qf2 79. Rg4 Qe2
80. Rg1 Qe5 81. Rg4 Qe2 82. Kg1 Qe3+ 83. Kh1 Kf2 84. Kh2 Qf3 85. Rg1 Qe3 86.
Rg2+ Kf1 87. Rg4 Qc5 88. Kh1 Qf2 89. h4 Qf3+ 0-1

[Event "Malaysian Open"]
[Site "Kuala Lumpur MAS"]
[Date "2011.08.22"]
[Round "6.7"]
[White "Vakhidov, Jahongir"]
[Black "Cao, Sang"]
[Result "0-1"]
[BlackTitle "GM"]
[WhiteElo "2392"]
[BlackElo "2533"]
[WhiteFideId "14201801"]
[BlackFideId "725056"]
[EventDate "2011.08.18"]

1. d4 Nf6 2. c4 e6 3. Nc3 Bb4 4. Qc2 d5 5. cxd5 exd5 6. Bg5 h6 7. Bxf6 Qxf6 8.
e3 O-O 9. a3 Bf5 10. Qb3 Bxc3+ 11. Qxc3 Nd7 12. Ne2 Qd6 13. Ng3 Bg6 14. Bd3 f5
15. Ne2 Nf6 16. Qc2 Rae8 17. O-O-O Bh7 18. h4 c6 19. Nf4 Ng4 20. Rh3 Nf6 21. Rg1
Qd7 22. h5 Ne4 23. Bxe4 fxe4 24. g4 Rc8 25. Qb3 c5 26. Qxd5+ Qxd5 27. Nxd5 cxd4+
28. Kb1 Rce8 29. Rh2 Rf3 30. Rd1 d3 31. Nf4 Kf7 32. b3 Kf6 33. Kb2 Rd8 34. Rd2
Bg8 35. Rh1 Rc8 36. b4 Bf7 37. Rg1 Kg5 38. Rg2 Rc6 39. Rg1 b6 40. Rg2 a5 41.
bxa5 bxa5 42. Rg1 a4 43. Rg2 Bb3 44. Rg1 Kf6 45. Rg2 Bf7 46. Rg1 Rb6+ 47. Ka1
Rb3 48. Ka2 Ke5 49. Rb1 Rxb1+ 50. Kxb1 0-1

[Event "Malaysian Open"]
[Site "Kuala Lumpur MAS"]
[Date "2011.08.22"]
[Round "6.8"]
[White "Sharma, Dinesh K."]
[Black "Bitoon, Richard"]
[Result "1/2-1/2"]
[WhiteTitle "IM"]
[BlackTitle "IM"]
[WhiteElo "2350"]
[BlackElo "2491"]
[WhiteFideId "5004110"]
[BlackFideId "5201110"]
[EventDate "2011.08.18"]

1. e4 c5 2. Nf3 d6 3. d4 cxd4 4. Nxd4 Nf6 5. Nc3 a6 6. Be2 e6 7. O-O b5 8. Bf3
Ra7 9. Re1 b4 10. Nb1 e5 11. Nb3 Be7 12. a3 bxa3 13. Nxa3 Be6 14. Nd2 O-O 15.
Nac4 Qc7 16. Ne3 Nbd7 17. b3 a5 18. Bb2 Rb8 19. Nd5 Bxd5 20. exd5 a4 21. Bd4
exd4 22. Rxe7 Kf8 23. Re1 a3 24. Nc4 Qc5 25. Ra2 Nb6 26. Nxb6 Rxb6 27. Qd3 g6
28. Rd1 Rb4 29. Rda1 Rb8 30. Rd1 Re8 31. Kf1 Rae7 1/2-1/2

[Event "Malaysian Open"]
[Site "Kuala Lumpur MAS"]
[Date "2011.08.22"]
[Round "6.9"]
[White "Wang, Jue"]
[Black "Nolte, Rolando"]
[Result "1/2-1/2"]
[BlackTitle "IM"]
[WhiteElo "2294"]
[BlackElo "2433"]
[WhiteFideId "8604070"]
[BlackFideId "5200636"]
[EventDate "2011.08.18"]

1. e4 c5 2. Nf3 d6 3. d4 cxd4 4. Nxd4 Nf6 5. Nc3 a6 6. Be3 e5 7. Nb3 Be6 8. Qd2
Be7 9. O-O-O Nbd7 10. f4 b5 11. f5 Bc4 12. g4 Nxg4 13. Rg1 Ndf6 14. h3 Nxe3 15.
Qxe3 Bxb3 16. axb3 g6 17. Kb1 Qc7 18. Nd5 Nxd5 19. Rxd5 Qa7 20. Qg3 O-O 21. Rg2
Kh8 22. Qf3 gxf5 23. exf5 f6 24. Rdd2 Rg8 25. Rg4 Rxg4 26. hxg4 Rg8 27. Rd1 Qa8
28. Qe2 d5 29. Bg2 e4 30. c4 1/2-1/2

[Event "Malaysian Open"]
[Site "Kuala Lumpur MAS"]
[Date "2011.08.22"]
[Round "6.10"]
[White "Irwanto, Sadikin"]
[Black "Lane, Gary W."]
[Result "1/2-1/2"]
[WhiteTitle "IM"]
[BlackTitle "IM"]
[WhiteElo "2417"]
[BlackElo "2369"]
[WhiteFideId "7100590"]
[BlackFideId "3203301"]
[EventDate "2011.08.18"]

1. d4 d5 2. c4 c6 3. Nf3 Nf6 4. Nc3 e6 5. Bg5 h6 6. Bxf6 Qxf6 7. e3 Nd7 8. Rc1
g6 9. Bd3 dxc4 10. Bxc4 Bg7 11. O-O O-O 12. b4 Qe7 13. Qb3 b6 14. Rfd1 Bb7 15.
e4 Rfd8 16. a3 Rac8 17. h3 Ba8 18. Re1 c5 19. bxc5 bxc5 20. d5 Nb6 21. dxe6 Nxc4
22. Qxc4 Qxe6 23. Nd5 Kh7 24. Rcd1 Bb7 25. h4 Ba6 26. Qc2 c4 27. Nc7 Qb6 28.
Rxd8 Rxd8 29. Nxa6 Qxa6 30. e5 Qe6 1/2-1/2

[Event "Malaysian Open"]
[Site "Kuala Lumpur MAS"]
[Date "2011.08.22"]
[Round "6.11"]
[White "Yu, Lie"]
[Black "Bai, Jinshi"]
[Result "1-0"]
[WhiteTitle "IM"]
[WhiteElo "2414"]
[BlackElo "2151"]
[WhiteFideId "8603715"]
[BlackFideId "8602280"]
[EventDate "2011.08.18"]

1. d4 d5 2. Nf3 Nf6 3. c4 c6 4. Qc2 dxc4 5. Qxc4 Bf5 6. g3 e6 7. Bg2 Nbd7 8. O-O
Bd6 9. Nc3 O-O 10. Nh4 Bg4 11. h3 Bh5 12. e4 e5 13. Nf5 Nb6 14. Qd3 Bc5 15. g4
Bg6 16. Rd1 exd4 17. Nxd4 Re8 18. Nb3 Qxd3 19. Rxd3 Bb4 20. f3 Nfd7 21. Rd4 c5
22. Rd1 c4 23. Nd4 Bc5 24. Be3 f6 25. a4 Ne5 26. a5 Nbd7 27. Na4 Bb4 28. Nb5
Bxa5 29. Nd6 Re7 30. f4 Nc6 31. e5 fxe5 32. f5 Bf7 33. Nxb7 e4 34. Nxa5 Nxa5 35.
Nc3 Nb3 36. Rxa7 Rxa7 37. Bxa7 Nbc5 38. Bxc5 Nxc5 39. Rd8+ Be8 40. Kf2 Kf7 41.
Ke3 Nd3 42. Rb8 Bc6 43. Rb6 Ba8 44. Nb5 Rd7 45. Nd6+ Ke7 46. Nxc4 Nc5 47. b4
Rd3+ 48. Kf4 Rd4 49. Ne5 Nd3+ 50. Ke3 Rxb4 51. Rd6 Kf8 52. Nxd3 1-0

[Event "Malaysian Open"]
[Site "Kuala Lumpur MAS"]
[Date "2011.08.22"]
[Round "6.12"]
[White "Sanchez, Joseph"]
[Black "Nguyen, Thi Mai Hung"]
[Result "1-0"]
[WhiteTitle "GM"]
[BlackTitle "WIM"]
[WhiteElo "2534"]
[BlackElo "2276"]
[WhiteFideId "5201233"]
[BlackFideId "12401676"]
[EventDate "2011.08.18"]

1. e4 c5 2. Nf3 g6 3. c3 Bg7 4. d4 cxd4 5. cxd4 d5 6. e5 Bg4 7. Bb5+ Nd7 8. Nc3
e6 9. O-O a6 10. Bxd7+ Qxd7 11. b3 Ne7 12. Na4 Qd8 13. Nc5 Rb8 14. h3 Bxf3 15.
Qxf3 Nc6 16. Qd3 O-O 17. a4 a5 18. Ba3 Re8 19. Rfc1 b6 20. Na6 Rc8 21. Rc2 Nxd4
22. Rxc8 Qxc8 23. Rc1 Bxe5 24. Rxc8 Rxc8 25. Bb2 Nf3+ 26. Qxf3 Bxb2 27. Qf4 d4
28. Qd6 Rc3 29. Qd8+ Kg7 30. Qxd4+ Kg8 31. Qxb6 Rc1+ 32. Kh2 Be5+ 33. g3 Rc2 34.
Kg2 Kg7 35. b4 axb4 36. Nxb4 Rb2 37. Qc5 Bf6 38. a5 Rd2 39. Nc6 Ra2 40. Qc4 Ra1
41. a6 h5 42. h4 1-0

[Event "Malaysian Open"]
[Site "Kuala Lumpur MAS"]
[Date "2011.08.22"]
[Round "6.13"]
[White "Morris, James"]
[Black "Laylo, Darwin"]
[Result "1-0"]
[WhiteTitle "IM"]
[BlackTitle "GM"]
[WhiteElo "2300"]
[BlackElo "2528"]
[WhiteFideId "3205800"]
[BlackFideId "5201330"]
[EventDate "2011.08.18"]

1. Nf3 Nf6 2. c4 g6 3. Nc3 d5 4. cxd5 Nxd5 5. g3 Bg7 6. Bg2 O-O 7. O-O Nc6 8. d4
Nb6 9. d5 Na5 10. Nd4 c6 11. Nb3 Nxd5 12. Nxd5 cxd5 13. Qxd5 Nc6 14. Qb5 Qb6 15.
Qa4 Rd8 16. Be3 Qc7 17. Bf4 Qd7 18. Nc5 Qf5 19. Bxc6 Qxc5 20. Rac1 Qh5 21. Rfd1
Bg4 22. Bxb7 Bxe2 23. Rxd8+ Rxd8 24. Qxa7 Bd4 25. Qa3 Bf6 26. Qe3 Qb5 27. b3 Bg4
28. Bf3 Rd3 29. Be2 Bxe2 30. Rc8+ 1-0

[Event "Malaysian Open"]
[Site "Kuala Lumpur MAS"]
[Date "2011.08.22"]
[Round "6.15"]
[White "Goswami, Vedant"]
[Black "Gasanov, Eldar"]
[Result "1/2-1/2"]
[BlackTitle "GM"]
[WhiteElo "2199"]
[BlackElo "2472"]
[WhiteFideId "5003725"]
[BlackFideId "14104466"]
[EventDate "2011.08.18"]

1. e4 e5 2. Nf3 Nc6 3. Nc3 Nf6 4. d4 Bb4 5. Nxe5 O-O 6. Bd3 Nxd4 7. Be3 Qe7 8.
a3 Bxc3+ 9. bxc3 Nb5 10. f4 Nxc3 11. Qf3 d6 12. Bd4 Na4 13. Nc4 d5 14. Bxf6 gxf6 1/2-1/2

[Event "Malaysian Open"]
[Site "Kuala Lumpur MAS"]
[Date "2011.08.22"]
[Round "6.17"]
[White "Jia, Haoxiang"]
[Black "Zhai, Mo"]
[Result "1-0"]
[BlackTitle "WFM"]
[WhiteElo "2369"]
[BlackElo "2198"]
[WhiteFideId "8602999"]
[BlackFideId "8600201"]
[EventDate "2011.08.18"]

1. d4 Nf6 2. c4 e6 3. Nf3 Bb4+ 4. Nbd2 O-O 5. a3 Be7 6. e4 d5 7. Bd3 c5 8. dxc5
dxe4 9. Nxe4 Nxe4 10. Bxe4 Qxd1+ 11. Kxd1 a5 12. Ke2 f5 13. Bc2 Nd7 14. Be3 a4
15. Rhd1 e5 16. Bg5 Bxc5 17. Rd5 h6 18. Be3 Bxe3 19. fxe3 Nb6 20. Rxe5 Nxc4 21.
Rc5 Nd6 22. Rd1 b6 23. Rc6 Ba6+ 24. Bd3 Bxd3+ 25. Rxd3 Ne4 26. Rd7 Nf6 27. Rb7
Nd5 28. Rg6 Rf7 29. Rxf7 Kxf7 30. Ne5+ Ke7 31. Nc6+ Kf8 32. Rd6 Nf6 33. Nd4 Re8
34. Rxb6 Ng4 35. Nxf5 Nxh2 36. Rb4 Re5 37. e4 Ng4 38. Rxa4 g6 39. Ne3 Nf6 40.
Kd3 Ke7 41. Ra7+ Ke6 42. Ra6+ Ke7 43. Rxf6 Kxf6 44. Ng4+ 1-0

[Event "Malaysian Open"]
[Site "Kuala Lumpur MAS"]
[Date "2011.08.22"]
[Round "6.19"]
[White "Adeimi, Michel"]
[Black "Udani, Ian"]
[Result "0-1"]
[WhiteElo "1895"]
[BlackElo "2307"]
[WhiteFideId "689165"]
[BlackFideId "5206243"]
[EventDate "2011.08.18"]

1. e4 c6 2. Nf3 d5 3. exd5 cxd5 4. Ne5 Nc6 5. d4 Nf6 6. Bb5 Bd7 7. Nxd7 Qxd7 8.
Qe2 a6 9. Bxc6 Qxc6 10. O-O e6 11. Bf4 Be7 12. c3 O-O 13. Nd2 b5 14. Bg5 Rab8
15. Rac1 Rfc8 16. f4 b4 17. Bxf6 Bxf6 18. Nf3 bxc3 19. bxc3 Qc4 20. Qxc4 Rxc4
21. Rc2 h5 22. Rd1 Kh7 23. Kf2 Rbc8 24. Rd3 Ra4 25. Ke3 Kg6 26. Ne5+ Bxe5 27.
fxe5 f6 28. Kf4 Kf7 29. h4 Rb8 30. Rf3 Rb1 31. Re2 Rc4 32. g4 Rh1 33. exf6 gxf6
34. Rfe3 Rc6 35. Kg3 Rg1+ 36. Rg2 Rxg2+ 37. Kxg2 hxg4 38. Kg3 f5 39. Kf4 Kf6 40.
h5 Rc7 41. h6 Rc6 42. h7 Kg7 43. Ke5 Kxh7 44. Kf6 f4 45. Re5 Kh6 46. Rg5 g3 47.
Rg8 e5+ 48. Kf5 f3 49. Rxg3 e4 50. Kf4 f2 51. Rh3+ Kg7 52. Rh1 Rf6+ 53. Ke3 f1=Q
54. Rxf1 Rxf1 55. c4 Rf3+ 0-1

[Event "Malaysian Open"]
[Site "Kuala Lumpur MAS"]
[Date "2011.08.22"]
[Round "6.22"]
[White "Lee, Kai Jie Edward"]
[Black "Cheng, Bobby"]
[Result "1-0"]
[BlackTitle "FM"]
[WhiteElo "2008"]
[BlackElo "2323"]
[WhiteFideId "5802920"]
[BlackFideId "4300033"]
[EventDate "2011.08.18"]

1. e4 c5 2. Nf3 e6 3. c4 Nc6 4. Nc3 Nf6 5. d4 cxd4 6. Nxd4 Bb4 7. Nxc6 bxc6 8.
Bd3 e5 9. O-O Bc5 10. h3 d6 11. Kh1 h6 12. Rb1 Rb8 13. a3 a5 14. Ne2 O-O 15. Ng3
Re8 16. f4 Ng4 17. Qe1 Qh4 18. Bc2 Ba6 19. b3 d5 20. fxe5 dxc4 21. Rf4 h5 22.
Qc3 Nf2+ 23. Kh2 Ng4+ 24. Kh1 Rbd8 25. Nf5 Bd4 26. Nxd4 Rxd4 27. Qxd4 Rd8 28.
Qc3 cxb3 29. Rxb3 a4 30. Rb6 Be2 31. Kg1 g5 32. Rf5 Rd4 33. Rb8+ Kg7 34. e6 f6
35. Bxg5 Rc4 36. Rxf6 1-0

[Event "Malaysian Open"]
[Site "Kuala Lumpur MAS"]
[Date "2011.08.22"]
[Round "6.24"]
[White "Olay, Edgar Reggie"]
[Black "Nur, Nabila Azman Hisham"]
[Result "1/2-1/2"]
[BlackTitle "WCM"]
[WhiteElo "2303"]
[BlackElo "1894"]
[WhiteFideId "5206189"]
[BlackFideId "5702135"]
[EventDate "2011.08.18"]

1. d4 Nf6 2. c4 g6 3. Nc3 Bg7 4. e4 d6 5. f3 O-O 6. Be3 c5 7. dxc5 dxc5 8. Qxd8
Rxd8 9. Bxc5 Nc6 10. Be3 b6 11. Rc1 Ba6 12. Nh3 Nd7 13. b3 Nc5 14. Nf4 e6 15.
Be2 Rd7 16. h4 Rad8 17. Kf2 Nb4 18. a3 Nbd3+ 19. Nxd3 Nxd3+ 20. Bxd3 Rxd3 21.
Nb5 Bxb5 22. cxb5 Bb2 23. Rc7 Rxb3 24. Rb1 Be5 25. Rxb3 Bxc7 26. Rc3 Be5 27. Rc4
Kg7 28. Ke2 Bg3 29. Bd4+ e5 30. Bc3 Rd7 31. Rc8 f6 32. h5 gxh5 33. a4 Bf4 34.
Be1 Kf7 35. Ra8 Bh6 36. Bb4 Ke6 37. Be1 Kf7 38. Bf2 Rd2+ 39. Ke1 Rd7 40. a5 Bd2+
41. Ke2 Bxa5 42. Be3 Bb4 43. Kf2 Bd2 44. Bxd2 Rxd2+ 45. Kg3 Ra2 46. Kh4 Kg6 47.
Rg8+ Kh6 48. Rf8 Kg7 49. Ra8 Kh6 50. Rf8 Kg7 51. Ra8 1/2-1/2

[Event "Malaysian Open"]
[Site "Kuala Lumpur MAS"]
[Date "2011.08.22"]
[Round "6.26"]
[White "Ravry, Kazoune"]
[Black "Wallis, Christopher"]
[Result "0-1"]
[BlackTitle "FM"]
[WhiteElo "1784"]
[BlackElo "2287"]
[WhiteFideId "667293"]
[BlackFideId "3204839"]
[EventDate "2011.08.18"]

1. d4 d5 2. e3 Nf6 3. Bd3 c5 4. c3 Qc7 5. Nd2 Nc6 6. f4 cxd4 7. cxd4 Bg4 8. Ngf3
e6 9. O-O Be7 10. a3 Bh5 11. Qe1 Bg6 12. Bxg6 hxg6 13. Ne5 Rc8 14. Qg3 a5 15.
Ndf3 Nxe5 16. fxe5 Ne4 17. Qe1 a4 18. Bd2 Qb6 19. Bb4 Bxb4 20. Qxb4 Qxb4 21.
axb4 b5 22. Ne1 O-O 23. Nd3 Rc2 24. Rac1 Rfc8 25. Rfd1 Nd2 26. Rxd2 Rxc1+ 27.
Nxc1 Rxc1+ 28. Kf2 g5 29. Ke2 Rc4 30. Kf3 Rxb4 31. Kg4 Rc4 32. Kxg5 b4 33. Rd1
Rc2 34. Ra1 Rxg2+ 35. Kf4 Rxh2 36. Rxa4 Rxb2 37. e4 dxe4 38. Kxe4 b3 39. Rb4 Rh2
40. Rxb3 Rh4+ 41. Kd3 Rh3+ 42. Kc4 Rxb3 43. Kxb3 Kh7 44. Kc4 Kg6 45. Kd3 Kf5 46.
Ke3 Kg4 0-1